01006cam a22002898i 450000100090000000300050000900500170001400800410003101000170007202000420008902000380013102000240016904000230019304200080021605000240022408200130024810000320026124501590029326000340045226300090048630000460049550000510054165000390059265000290063165000280066065000280068818794311SISC20161115135401.0150924s2016 nyu 000 0 eng  a 2015034334 a9781138859852 (hardback : alk. paper) a9781138859869 (pbk. : alk. paper) z9781315707785 (ebk) aDLCbengcDLCerda apcc00aHD 58.8b.S645 201600a658.4/061 aSnyder, Robert A.,eauthor.14aThe social cognitive neuroscience of leading organizational change :bTiER1 performance solutions' guide for managers and consultants /cRobert A. Snyder. aNew York :bRoutledge,c2016. a1602 axxv, 213 pages :billustrations ;c23 cm. aIncludes bibliographical references and index. 0aOrganizational changexManagement. 0aOrganizational behavior. 0aCognitive neuroscience. 0aPsychology, Industrial.